Computers in today's world / (Record no. 6400)
[ view plain ]
| 000 -LEADER | |
|---|---|
| fixed length control field | 00786nam a2200277 a 4500 |
| 001 - CONTROL NUMBER | |
| JCCL Control Number | 6400 |
| 003 - CONTROL NUMBER IDENTIFIER | |
| JCCL marc code | BD-JhCC |
| 005 - DATE AND TIME OF LATEST TRANSACTION | |
| control field | 20180122185818.0 |
| 008 - FIXED-LENGTH DATA ELEMENTS--GENERAL INFORMATION | |
| fixed length control field | 180122s1986 ilua 001 0 eng d |
| 020 ## - INTERNATIONAL STANDARD BOOK NUMBER | |
| International Standard Book Number | 0256035377 |
| 035 ## - SYSTEM CONTROL NUMBER | |
| system control number | (BD-JhCC)6400 |
| 040 ## - CATALOGING SOURCE | |
| Original cataloging agency | BD-JhCC |
| Transcribing agency | DLC |
| Modifying agency | BD-JhCC |
| 041 ## - LANGUAGE CODE | |
| Language code of Book | eng |
| 050 00 - LIBRARY OF CONGRESS CALL NUMBER | |
| Classification number | QA76 |
| Item number | .S736 1986 |
| 082 00 - DEWEY DECIMAL CLASSIFICATION NUMBER | |
| Classification number | 004 |
| DDC Edition number | 19 |
| Author mark and Year | STA 1986 |
| 100 1# - MAIN ENTRY--PERSONAL NAME | |
| Personal name | Stair, Ralph M. |
| 245 10 - TITLE STATEMENT | |
| Title | Computers in today's world / |
| Statement of responsibility, etc | Ralph M. Stair, Jr. |
| 260 ## - PUBLICATION, DISTRIBUTION, ETC. (IMPRINT) | |
| Place of publication, distribution, etc | Homewood, Ill. : |
| Name of publisher, distributor, etc | Irwin, |
| Date of publication, distribution, etc | 1986. |
| 300 ## - PHYSICAL DESCRIPTION | |
| Pagination | xxiv, 673 p. : |
| Other physical details | ill. (some col.) ; |
| Dimensions | 25 cm. |
| 440 #4 - | |
| Title | The Irwin series in information and decision sciences |
| 500 ## - GENERAL NOTE | |
| General note | Reference card for BASIC inserted. |
| 500 ## - GENERAL NOTE | |
| General note | Includes index. |
| 650 #0 - SUBJECT ADDED ENTRY--TOPICAL TERM | |
| Topical term or geographic name as entry element | Computers. |
| 942 ## - ADDED ENTRY ELEMENTS (KOHA) | |
| Source of classification or shelving scheme | Dewey Decimal Classification |
| Koha item type | Books |
| Source of classification or shelving scheme | Damaged status | Not for loan | Home library | Current library | Shelving location | Total Checkouts | Full call number | Barcode | Date last seen | Copy number | Koha item type |
|---|---|---|---|---|---|---|---|---|---|---|---|
| Dewey Decimal Classification | JCC Rouf Library | JCC Rouf Library | General Stacks | 004 STA 1986 | 399 | 01/22/2018 | C-1 | Books |